Name Every Country & Capital in the World - Map - Statistics

General Stats
  • This quiz has been taken 75 times
    73 since last reset
  • The average score is 132 of 196
Answers on the Map
Answers color-coded by a green-red scale on the quiz's map according to % correct below.
 
Answer Stats
Country & Capital % Correct
France - Paris
91%
Germany - Berlin
91%
Spain - Madrid
91%
Canada - Ottawa
88%
Italy - Rome
88%
United Kingdom - London
88%
Greece - Athens
84%
India - New Delhi
84%
Ireland - Dublin
84%
Norway - Oslo
84%
Poland - Warsaw
84%
Portugal - Lisbon
84%
Russia - Moscow
84%
United States - Washington
84%
Brazil - Brasilia
81%
Chile - Santiago
81%
Czech Republic - Prague
81%
Iceland - Reykjavik
81%
Japan - Tokyo
81%
Luxembourg - Luxembourg
81%
Sweden - Stockholm
81%
Thailand - Bangkok
81%
Albania - Tirana
78%
Australia - Canberra
78%
Austria - Vienna
78%
Belarus - Minsk
78%
Belgium - Brussels
78%
Bosnia and Herzegovina - Sarajevo
78%
Bulgaria - Sofia
78%
China - Beijing
78%
Colombia - Bogota
78%
Croatia - Zagreb
78%
Cuba - Havana
78%
Denmark - Copenhagen
78%
Ecuador - Quito
78%
El Salvador - San Salvador
78%
Estonia - Tallinn
78%
Finland - Helsinki
78%
Haiti - Port au Prince
78%
Hungary - Budapest
78%
Indonesia - Jakarta
78%
Jamaica - Kingston
78%
Latvia - Riga
78%
Lithuania - Vilnius
78%
Mexico - Mexico City
78%
Netherlands - Amsterdam
78%
North Macedonia - Skopje
78%
Panama - Panama City
78%
Peru - Lima
78%
Romania - Bucharest
78%
San Marino - San Marino
78%
Serbia - Belgrade
78%
Slovenia - Ljubljana
78%
Turkey - Ankara
78%
Andorra - Andorra la Vella
75%
Bolivia - La Paz
75%
Costa Rica - San Jose
75%
Cyprus - Nicosia
75%
Dominican Republic - Santo Domingo
75%
Egypt - Cairo
75%
Ethiopia - Addis Ababa
75%
Guatemala - Guatemala City
75%
Iran - Tehran
75%
Kosovo - Pristina
75%
Malta - Valletta
75%
Montenegro - Podgorica
75%
Nicaragua - Managua
75%
North Korea - PyongYang
75%
Paraguay - Asuncion
75%
Singapore - Singapore
75%
Slovakia - Bratislava
75%
Somalia - Mogadishu
75%
South Korea - Seoul
75%
Switzerland - Bern
75%
Ukraine - Kiev
75%
Uruguay - Montevideo
75%
Venezuela - Caracas
75%
Afghanistan - Kabul
72%
Algeria - Algiers
72%
Armenia - Yerevan
72%
Bahamas - Nassau
72%
Bangladesh - Dhaka
72%
Djibouti - Djibouti
72%
Georgia - Tbilisi
72%
Guyana - Georgetown
72%
Iraq - Baghdad
72%
Israel - Jerusalem
72%
Jordan - Amman
72%
Kenya - Nairobi
72%
Lebanon - Beirut
72%
Liechtenstein - Vaduz
72%
Madagascar - Antananarivo
72%
Malaysia - Kuala Lumpur
72%
Moldova - Chisinau
72%
Namibia - Windhoek
72%
Nepal - Kathmandu
72%
New Zealand - Wellington
72%
Philippines - Manila
72%
Saudi Arabia - Riyadh
72%
South Africa - Pretoria / Bloomfontein / Cape Town
72%
Tunisia - Tunis
72%
Vatican - Vatican City
72%
Yemen - Sana'a
72%
East Timor - Dili
69%
Honduras - Tegucigalpa
69%
Kuwait - Kuwait City
69%
Laos - Vientiane
69%
Libya - Tripoli
69%
Monaco - Monaco
69%
Mongolia - Ulaanbaatar
69%
Morocco - Rabat
69%
Oman - Muscat
69%
Pakistan - Islamabad
69%
Syria - Damascus
69%
Vietnam - Hanoi
69%
Angola - Luanda
66%
Argentina - Buenos Aires
66%
Azerbaijan - Baku
66%
Barbados - Bridgetown
66%
Belize - Belmopan
66%
Cambodia - Phnom Penh
66%
Papua New Guinea - Port Moresby
66%
Qatar - Doha
66%
Sudan - Khartoum
66%
Bhutan - Thimphu
63%
Democratic Republic of the Congo - Kinshasa
63%
Ghana - Accra
63%
Guinea-Bissau - Bissau
63%
Maldives - Male
63%
Nigeria - Abuja
63%
São Tomé and Príncipe - Sao Tome
63%
Senegal - Dakar
63%
South Sudan - Juba
63%
Suriname - Paramaribo
63%
Taiwan - Taipei
63%
Zimbabwe - Harare
63%
Bahrain - Manama
59%
Myanmar - Naypyitaw
59%
Republic of the Congo - Brazzaville
59%
Rwanda - Kigali
59%
Seychelles - Victoria
59%
Uzbekistan - Tashkent
59%
Cameroon - Yaounde
56%
Chad - N'Djamena
56%
Comoros - Moroni
56%
Eritrea - Asmara
56%
Fiji - Suva
56%
Kyrgyzstan - Bishkek
56%
Liberia - Monrovia
56%
Malawi - Lilongwe
56%
Mauritius - Port Louis
56%
Mozambique - Maputo
56%
Saint Lucia - Castries
56%
Sierra Leone - Freetown
56%
Tajikistan - Dushanbe
56%
Tanzania - Dodoma
56%
Uganda - Kampala
56%
Burkina Faso - Ouagadougou
53%
Gabon - Libreville
53%
Grenada - Saint George's
53%
Niger - Niamey
53%
Saint Kitts and Nevis - Basseterre
53%
Samoa - Apia
53%
Trinidad and Tobago - Port of Spain
53%
Turkmenistan - Ashgabat
53%
Zambia - Lusaka
53%
Benin - Porto Novo
50%
Brunei - Bandar
50%
Burundi - Gitega
50%
Cape Verde - Praia
50%
Central African Republic - Bangui
50%
Kiribati - Tarawa
50%
Lesotho - Maseru
50%
Mali - Bamako
50%
Marshall Islands - Majuro
50%
Solomon Islands - Honiara
50%
Togo - Lome
50%
Dominica - Roseau
47%
Equatorial Guinea - Malabo
47%
Guinea - Conakry
47%
Ivory Coast - Yamoussoukro
47%
Micronesia - Palikir
47%
Nauru - Yaren
47%
Sri Lanka - Kotte
47%
Vanuatu - Port Vila
47%
Antigua and Barbuda - Saint John's
44%
Botswana - Gaborone
44%
Gambia - Banjul
44%
Palau - Ngerulmud
44%
Saint Vincent and the Grenadines - Kingstown
44%
Tonga - Nuku'alofa
44%
United Arab Emirates - Abu Dhabi
44%
Kazakhstan - Nur Sultan
41%
Mauritania - Nouakchott
41%
Tuvalu - Funafuti
41%
Eswatini - Mbabane
31%
No matching quizzes found
Score Distribution
Percent of People with Each Score
Percentile by Number Answered
Your Score History
You have not taken this quiz since the last reset